Las capitales de la Gran Colombia (Registro nro. 37756)

Detalles MARC
000 -ENCABEZADO
Número de control [NR] 01292nam a2200277Ia 4500
008 - DE LONGITUD FIJA DE DATOS DE ELEMENTOS - INFORMACIÓN GENERAL
Elementos de longitud fija [NR] 130821s1914 fr gr spa
040 ## - FUENTE DE CATALOGACION [NR]
Agencia de catalogación original [NR] Co-BoUCM
Idioma de catalogación [NR] spa
041 0# - CODIGO DE IDIOMA [R]
Código de idioma para texto/pista de sonido o título separado [R] Español
092 ## - SIGNATURA TOPOGRAFICA LOCAL
Número de clasificación local E21N031
100 1# - ASIENTO PRINCIPAL--NOMBRE PERSONAL [NR]
Nombre personal [NR] Gutiérrez, Alberto.
245 10 - MENCION DE TITULO [NR]
Título [NR] Las capitales de la Gran Colombia
Mención de responsabilidad, etc. [NR] Alberto Gutiérrez
260 ## - PUBLICACION, DISTRIBUCION, ETC. (PIE DE IMPRENTA) [R]
Lugar de publicación, distribución, etc. [R] París (Francia)
Nombre del editor, distribuidor, etc. [R] Librería de la Viuda de Ch. Bouret
Fecha de publicación, distribución, etc. [R] 1914
300 ## - DESCRIPCION FISICA [R]
Extensión [R] 336 páginas
500 ## - NOTA GENERAL [R]
Nota general [NR] Detalles físicos: Encuadernación rígida en cartón forrado en papel con lomo en cuero, letras y adornos en dorado sobre el lomo. Conserva guardas, anteportada, portada impresa a una sola tinta con un anagrama del editor. Texto impreso en una sola columna con márgenes amplios, papel con amarillamiento. Págs. 179-190 empiezan a desprenderse.
505 0# - NOTA DE CONTENIDO CON FORMATO PREESTABLECIDO [R]
Nota de contenido con formato preestablecido [NR] El sueño de Bolívar. ; Quito. ; Caracas. ; Bogotá.
506 ## - NOTA DE RESTRICCIONES DE ACCESO [R]
Condiciones de acceso [NR] Consulta en sala.
600 1# - ASIENTO SECUNDARIO DE MATERIA - NOMBRE PERSONAL [R]
Nombre personal [NR] Bolívar, Simón
Fechas asociadas con el nombre [NR] 1783-1830
650 04 - ASIENTO SECUNDARIO DE MATERIA - TERMINO TEMATICO [R]
Término temático o nombre geográfico como elemento de entrada [NR] Ciudades capitales
Subdivisión general [R] Historia
9 (RLIN) 10957
650 04 - ASIENTO SECUNDARIO DE MATERIA - TERMINO TEMATICO [R]
Término temático o nombre geográfico como elemento de entrada [NR] Geografía
9 (RLIN) 16335
651 #4 - ASIENTO SECUNDARIO DE MATERIA - NOMBRE GEOGRAFICO [R]
Nombre geográfico [NR] Bogotá (Colombia)
Subdivisión general [R] Descripciones y viajes
651 #4 - ASIENTO SECUNDARIO DE MATERIA - NOMBRE GEOGRAFICO [R]
Nombre geográfico [NR] Caracas (Venezuela)
Subdivisión general [R] Descripciones y viajes
651 #4 - ASIENTO SECUNDARIO DE MATERIA - NOMBRE GEOGRAFICO [R]
Nombre geográfico [NR] Quito (Ecuador)
Subdivisión general [R] Descripciones y viajes
700 1# - ASIENTO SECUNDARIO - NOMBRE PERSONAL [R]
Nombre personal [NR] Bouret, Ch.
Títulos u otras palabras asociadas con el nombre [R] Viuda
Término de relación [R]
942 ## - ELEMENTOS DE ENTRADA AGREGADOS (KOHA)
Tipo de ítem principal el descrito en 300a Libro
Tema principal Filosofía
Edición 1
Sistema de clasificación DEWEY
Clasificación 918
Existencias
Fecha de último préstamo Total préstamos Código de barras Última vez visto Volúmen / Fascículo Ejemplar Price effective from Tipo de ítem Perdido Sistema de clasificación Dañado No prestable Tipo de ítem específico Suprimido Ubicación habitual Ubicación actual Localización Fecha de creación Forma de adquisición Costo
16/08/2013 1 L003119 16/08/2013 E21N031 Ej.1 03/02/2013 Libro   DEWEY     Libro archivo     Archivo Histórico Archivo histórico 28/02/2013 Donación 0.00